| 000 | 00767nam a2200229 a 4500 | ||
|---|---|---|---|
| 001 | 000009998 | ||
| 003 | DO-SdBNP | ||
| 005 | 20240412074214.0 | ||
| 008 | 091002s2005 dr r 000 0 spa d | ||
| 040 |
_aDO-SdBNP _bspa _cBNPHU |
||
| 082 |
_aRD861.44 _bD671m |
||
| 100 | 1 |
_aDomínguez, Francisca Otilia, _d1923- _924943 |
|
| 245 | 1 | 0 |
_aMenudencias para un futuro mejor / _cFrancisca Otilia Domínguez ; prólogo María Rutinel Domínguez. |
| 260 |
_aSanto Domingo : _bCentenario, _c2005. |
||
| 300 |
_a84 p. ; _c21 cm. |
||
| 590 | _aInventariado, 2018/BT | ||
| 650 | 0 |
_aPoesía dominicana _966 |
|
| 650 | 0 |
_aLiteratura dominicana. _967 |
|
| 700 | 1 |
_aRutinel Dominguez, María, _epról. _924944 |
|
| 910 | _aValidado. Control de calidad. MMOLINA | ||
| 942 |
_2ddc _cLBS1 |
||
| 999 |
_c9757 _d9757 |
||